| 000 | 00854 a2200205 4500 | ||
|---|---|---|---|
| 003 | OSt | ||
| 005 | 20210206152551.0 | ||
| 008 | 210205s2011 ck a||||r|||| 00| 0 spa d | ||
| 020 | _a9789589266700 | ||
| 040 |
_aCO-JMCR _cCO-JMCR |
||
| 041 | 0 | _aspa | |
| 082 | 0 | 4 |
_a361.25 / _bG896g _220 |
| 245 | 0 | 0 | _aGuía de buenas prácticas para la ejecución de proyectos de asociación público-privada |
| 260 |
_aBogotá : _bMinisterio de Hacienda y Crédito Público ; _bDNP, _c2011 |
||
| 300 |
_a57, 33, 12 páginas : _bilustraciones ; _c20 cm. |
||
| 505 | 0 | _aMarco conceptual -- Fases de un proyecto app -- Criterios y recomendaciones para el proceso de gestión contractual de un proyecto bajo esquema app | |
| 650 | 1 | 4 |
_aCooperación pública-privada _zColombia _vGuías _913095 |
| 650 | 1 | 4 |
_aPlanificación regional _zColombia _vGuías _913096 |
| 942 |
_2ddc _cBK |
||
| 999 |
_c7120 _d7120 |
||